International Economics - Theory And Policy (Record no. 370841)

MARC details
000 -LEADER
fixed length control field 00500nam a22001937a 4500
005 - DATE AND TIME OF LATEST TRANSACTION
control field 20260331160940.0
008 - FIXED-LENGTH DATA ELEMENTS--GENERAL INFORMATION
fixed length control field 260331b |||||||| |||| 00| 0 eng d
020 ## - INTERNATIONAL STANDARD BOOK NUMBER
International Standard Book Number 9789356064768
041 ## - LANGUAGE CODE
Language code of text/sound track or separate title eng
082 ## - DEWEY DECIMAL CLASSIFICATION NUMBER
Classification number 337
Item number KRU B23018
100 ## - MAIN ENTRY--PERSONAL NAME
Author Krugman P R
245 ## - TITLE STATEMENT
Title International Economics - Theory And Policy
250 ## - EDITION STATEMENT
Edition statement 12th Ed.
260 ## - PUBLICATION, DISTRIBUTION, ETC.
Place of publication, distribution, etc. Noida
Name of publisher, distributor, etc. Pearson India
Date of publication, distribution, etc. 2023
300 ## - PHYSICAL DESCRIPTION
Extent 811p
500 ## - GENERAL NOTE
Keywords International economics
700 ## - ADDED ENTRY--PERSONAL NAME
Personal name Obstfeld M
942 ## - ADDED ENTRY ELEMENTS (KOHA)
Koha item type Books
Holdings
Withdrawn status Lost status Source of classification or shelving scheme Damaged status Not for loan Home library Current library Date acquired Vendor Net Price Bill number Total Checkouts Full call number Barcode Date last seen Actual Price Bill Date Koha item type Original Barcode
    Dewey Decimal Classification     Smt. Hiraben Nanavati Institute of Management & Research for Women Smt. Hiraben Nanavati Institute of Management & Research for Women 12/02/2026 The Forward Books 1080.00 25312   337 KRU B23018 HIMR-BK-23018 31/03/2026 788.40 29/01/2026 Books B23018